000 00450nam a2200169Ia 4500
008 190423s9999 xx 000 0 und d
100 _aHogan, Sherry Hemman
245 2 _aA question of trust/
245 _cSherry Heman Hogan
260 _bReader's Digest Asia
260 _c2019
300 _aPages 104-109, January 2019
440 _aAsia Reader's Digest: Classic Reads
_v115:671
650 _aFamily
650 _aFather
650 _aTrust
999 _c361495
_d361495